Field guide to the birds of the Machu Picchu : (Registro nro. 3443)
[ vista simple ]
| 000 -CABECERA | |
|---|---|
| Campo de control | 01027nam a2200265 a 4500 |
| 005 - FECHA Y HORA DE LA ULTIMA TRANSACCION | |
| Campo de control | 20161213153713.0 |
| 008 - ELEMENTOS DE LONGITUD FIJA—INFORMACION GENERAL | |
| Campo de control | 140311b2002 pe a||||r|||| 00| 0 eng d |
| 020 ## - ISBN | |
| ISBN | 9972778060 |
| 040 ## - FUENTE DE CATALOGACIÓN | |
| Agencia catalogadora original | CO-BoIAVH |
| Agencia transcriptora | CO-BoIAVH |
| 041 0# - IDIOMA | |
| Código de idioma para texto/pista de sonido o título separado | Inglés |
| 044 ## - PAÍS DE PUBLICACIÓN | |
| País de publicación | Perú |
| 082 04 - NUMERO DE CLASIFICACION DECIMAL DEWEY | |
| Número de clasificación | 598.0985 |
| Número del ítem | W17f |
| 100 1# - ASIENTO PRINCIPAL--NOMBRE PERSONAL | |
| Nombre personal | Walker, Barry |
| Término relacionado | autor |
| 9 (RLIN) | 20068 |
| 245 10 - MENCION DE TITULO | |
| Título | Field guide to the birds of the Machu Picchu : |
| Parte restante del título | Historical Sanctury, Peru |
| 246 14 - FORMA VARIANTE DEL TITULO | |
| Título propiamente dicho/forma breve del título | Field guide to the birds of the Machu Picchu, Peru |
| 260 ## - PUBLICACION, DISTRIBUCION, ETC. (PIE DE IMPRENTA) | |
| Lugar de publicación, distribución, etc. | Lima (Perú) : |
| Nombre del editor, distribuidor, etc. | PROFONANPE : |
| -- | Programa Machu Picchu : |
| -- | INAENA, |
| Fecha de publicación, distribución, etc. | 2002. |
| 300 ## - DESCRIPCION FISICA | |
| Extensión | 217 páginas : |
| Otros detalles físicos | ilustraciones a color ; |
| Dimensiones | 23 x 15 cm. |
| 500 ## - NOTA GENERAL | |
| Nota general | Incluye glosario e índice de nombres. |
| 504 ## - NOTA DE BIBLIOGRAFIA, ETC. | |
| Nota de bibliografía | Incluye referencias bibliográficas. |
| 650 26 - ASIENTO SECUNDARIO DE MATERIA - TERMINO TEMATICO | |
| Término temático o nombre geográfico como elemento de entrada | Aves |
| Subdivisión general | Taxonomía |
| Subdivisión geográfica | Machu Picchu (Perú) |
| Subdivisión de forma | Guías |
| 9 (RLIN) | 77738 |
| 650 26 - ASIENTO SECUNDARIO DE MATERIA - TERMINO TEMATICO | |
| Término temático o nombre geográfico como elemento de entrada | Aves |
| Subdivisión general | identificación |
| Subdivisión geográfica | Machu Picchu (Perú) |
| Subdivisión de forma | Guías |
| 9 (RLIN) | 77739 |
| 650 26 - ASIENTO SECUNDARIO DE MATERIA - TERMINO TEMATICO | |
| Término temático o nombre geográfico como elemento de entrada | Aves |
| Subdivisión general | Especies |
| Subdivisión geográfica | Machu Picchu (Perú) |
| Subdivisión de forma | Guías |
| 9 (RLIN) | 77740 |
| 700 1# - ASIENTO SECUNDARIO - NOMBRE PERSONAL | |
| Nombre personal | Fjeldsa, Jon |
| Término de relación | ilustrador |
| 9 (RLIN) | 77741 |
| 942 ## - ELEMENTOS ADICIONALES (KOHA) | |
| Tipo de ítem | Libro |
| Sistema de clasificación | Dewey Decimal Classification |
| Withdrawn status | Lost status | Sistema de Clasificación | Damaged status | No para préstamo | Colección | Inventariado | Ubicación Permanente | Ubicación actual | Fecha de adquisición | Fuente de Valor | Total Checkouts | Número topográfico | Inventario / Código de Barras | Date last seen | Ejemplar | Price effective from | Forma de adquisición | Tipo de material |
|---|---|---|---|---|---|---|---|---|---|---|---|---|---|---|---|---|---|---|
| Dewey Decimal Classification | General | Inventariado 2017 | Sala Fabio Quevedo | Sala Fabio Quevedo | 16/06/2003 | Instituto | LB-598.0985 W17f | 003534 | 04/12/2012 | Ej. 1 | 04/12/2012 | Compra | Libro |